ბათუმის შოთა რუსთაველის სახელმწიფო უნივერსიტეტის ბიბლიოთეკა

In company pre-intermediate:TEACHER'S BOOK (ბიბ.ჩანაწერი № 43836)

000 -LEADER
fixed length control field 00320nam a2200133Ia 4500
001 - CONTROL NUMBER
control field 10584
003 - CONTROL NUMBER IDENTIFIER
control field GE_BSU
008 - FIXED-LENGTH DATA ELEMENTS--GENERAL INFORMATION
fixed length control field 181216s||||||||xx |||||||||||||| ||und||
040 ## - CATALOGING SOURCE
Transcribing agency GE_BSU
100 ## - MAIN ENTRY--PERSONAL NAME
Personal name Clarke,Simon
245 ## - TITLE STATEMENT
Title In company pre-intermediate:TEACHER'S BOOK
653 ## - INDEX TERM--UNCONTROLLED
Uncontrolled term In company pre-intermediate.
942 ## - ADDED ENTRY ELEMENTS (KOHA)
Koha item type წიგნი

არაა ხელმისაწვდომი ეგზემპლარები.